Every Arsenal Manager - Statistics

General Stats
  • This quiz has been taken 58 times
  • The average score is 7 of 28
Answer Stats
Years Manager % Correct
1996-2018 Arsene Wenger
100%
2019-Present Mikel Arteta
94%
2018-2019 Unai Emery
83%
1986-1995 George Graham
62%
2019 (c) Freddie Ljungberg
48%
1925-1934 Herbert Chapman
44%
1995-1996 Bruce Rioch
40%
1966-1976 Bertie Mee
33%
1983-1986 Don Howe
25%
1976-1983 Terry Neill
19%
1996 (c) Pat Rice
17%
1995 (c) Stewart Houston
17%
1996 (c) Stewart Houston
17%
1962-1966 Billy Wright
12%
1934-1947 George Allison
10%
1958-1962 George Swindin
6%
1947-1956 Tom Whittaker
6%
1908-1915 George Morrell
4%
1899-1904 Harry Bradshaw
4%
1956-1958 Jack Crayston
4%
1919-1925 Leslie Knighton
4%
1904-1908 Phil Kelso
4%
1986 (c) Steve Burtenshaw
4%
1897-1898 Thomas Mitchell
4%
1898-1899 William Elcoat
4%
1899 (c) Arthur Kennedy
2%
1915-1919 (c) James McEwen
2%
1934 (c) Joe Shaw
2%
No matching quizzes found
Score Distribution
Percent of People with Each Score
Percentile by Number Answered
Your Score History
You have not taken this quiz